| 000 | 00858nam0a22002411 4500 | ||
|---|---|---|---|
| 001 | rc\2374417 | ||
| 005 | 20260407124124.0 | ||
| 035 | _a(NLR Aleph) 006602247 | ||
| 090 |
_a7260303 _c7260303 |
||
| 100 | _a20110829d1976 |||y0rusy50 ca | ||
| 101 | 0 | _arus | |
| 102 | _aRU | ||
| 105 | _aa c ||||| | ||
| 200 | 1 |
_aВременные методические указания по расследованию электротравм на производстве _fРазраб. ВНИИ охраны труда |
|
| 210 |
_aМосква _cБ. и. _d1976 |
||
| 215 |
_a16 с., 2 отд. л. ил. _cил. _d20 |
||
| 712 | 0 | 2 |
_aВНИИ охраны труда _cЛенинград _3RU\NLR\AUTH\889964950 _9426110 |
| 801 | 0 |
_aRU _bNLR _gpsbo |
|
| 801 | 1 |
_aRU _bELAR _2rusmarc |
|
| 852 |
_aNLR _j77-4/10859 |
||
| 899 |
_aRuMoRGB _jM 77-11/107 |
||
| 942 | _cBOOK | ||
| 980 | _aNB | ||